000 00394nam a2200145Ia 4500
005 20260328104326.0
008 260328s9999||||xx |||||||||||||| ||und||
100 _aSubirats, Eduardo
245 0 _aLa Flor y el Cristal Ensayos Sobre Arte y Arquitectura Modernas /
_cEduardo Subirats
250 _a1a ed.
260 _bAnthropos
300 _a301 p.
650 _aARTE MODERNO
942 _cBK
999 _c11536
_d11536